[Event "GER MS-281 email"]
[Site "GER email"]
[Date "2018.05.24"]
[Round "?"]
[White "Friedrich, Gerhard"]
[Black "Richter, Marko"]
[Result "1/2-1/2"]
[WhiteElo "1975"]
[BlackElo "2026"]
[PlyCount "56"]
[EventDate "2018.06.12"]
[EventType "tourn (corr)"]
[EventRounds "6"]
[EventCountry "GER"]
[SourceTitle "Corr 2020"]
[Source "ChessBase"]
[SourceDate "2019.09.30"]
[SourceVersion "1"]
[SourceVersionDate "2019.09.30"]
[SourceQuality "1"]

1. e4 c6 2. d4 d5 3. exd5 cxd5 4. Bd3 Nc6 5. c3 Nf6 6. h3 e5 7. dxe5 Nxe5 8. Nf3 Nxd3+ 9. Qxd3 Bd6 10. Be3 Be6 11. Nbd2 0-0 12. Nd4 Re8 13. Nxe6 fxe6 14. 0-0 Bc7 15. Rad1 Rc8 16. f4 Nh5 17. g4 Nf6 18. Bd4 e5 19. Bxe5 Bxe5 20. fxe5 Rxe5 21. Nf3 Re6 22. Kg2 Qb6 23. Nd4 Re5 24. Qb5 Qc7 25. Rde1 Rce8 26. Rxe5 Qxe5 27. Nf5 g6 28. Ng3 Ne4 1/2-1/2

[Event "GER MS-281 email"]
[Site "GER email"]
[Date "2018.05.24"]
[Round "?"]
[White "Richter, Marko"]
[Black "Tacke, Hubert"]
[Result "1/2-1/2"]
[WhiteElo "2026"]
[BlackElo "1982"]
[PlyCount "89"]
[EventDate "2018.06.12"]
[EventType "tourn (corr)"]
[EventRounds "6"]
[EventCountry "GER"]
[SourceTitle "Corr 2020"]
[Source "ChessBase"]
[SourceDate "2019.09.30"]
[SourceVersion "1"]
[SourceVersionDate "2019.09.30"]
[SourceQuality "1"]

1. e4 c5 2. Nf3 Nc6 3. Nc3 d6 4. Bb5 e5 5. d3 Be7 6. 0-0 Nf6 7. Bc4 0-0 8. h3 Be6 9. Re1 Nxe4 10. Nxe4 d5 11. Bb5 dxe4 12. Bxc6 exf3 13. Bxf3 Qc7 14. Qe2 f6 15. b3 Rad8 16. a4 Bd6 17. Bb2 Qf7 18. a5 a6 19. Qe3 Rfe8 20. Re2 Re7 21. Bc3 h5 22. Ree1 Rc8 23. Ra4 g6 24. Rh4 Kg7 25. g4 Rh8 26. g5 Kh7 27. Bg2 f5 28. Bxe5 Bd7 29. Bxd6 Rxe3 30. Rxe3 Re8 31. Rc4 Rxe3 32. fxe3 Qe6 33. Bf4 Bc6 34. Rxc5 Bxg2 35. Kxg2 b6 36. axb6 Qxb6 37. Rc7+ Kg8 38. Kf1 h4 39. Ke2 a5 40. Rc8+ Kf7 41. Rc4 Qb5 42. Kd2 Qd5 43. Kc3 Qh1 44. Rc7+ Ke8 45. Kd4 1/2-1/2

[Event "GER MS-272 email"]
[Site "GER email"]
[Date "2017.11.14"]
[Round "?"]
[White "Herzog, Klaus"]
[Black "Richter, Marko"]
[Result "1/2-1/2"]
[WhiteElo "1885"]
[BlackElo "2028"]
[PlyCount "41"]
[EventDate "2017.11.21"]
[EventType "tourn (corr)"]
[EventRounds "6"]
[EventCountry "GER"]
[SourceTitle "Corr 2020"]
[Source "ChessBase"]
[SourceDate "2019.09.30"]
[SourceVersion "1"]
[SourceVersionDate "2019.09.30"]
[SourceQuality "1"]

1. e4 e5 2. Nf3 Nc6 3. Nc3 Nf6 4. d4 exd4 5. Nd5 Be7 6. Bc4 Nxe4 7. 0-0 Nc5 8. Nxe7 Qxe7 9. Nxd4 0-0 10. Re1 Qf6 11. Be3 Ne6 12. Nxc6 bxc6 13. c3 d6 14. f4 c5 15. Bd3 Rb8 16. f5 Nd8 17. Qc1 h6 18. b4 Nc6 19. Be4 Ne7 20. bxc5 Nxf5 21. cxd6 1/2-1/2

[Event "GER MS-272 email"]
[Site "GER email"]
[Date "2017.11.14"]
[Round "?"]
[White "Lelgemann, Ludwig"]
[Black "Richter, Marko"]
[Result "1/2-1/2"]
[WhiteElo "1911"]
[BlackElo "2028"]
[PlyCount "53"]
[EventDate "2017.11.21"]
[EventType "tourn (corr)"]
[EventRounds "6"]
[EventCountry "GER"]
[SourceTitle "Corr 2020"]
[Source "ChessBase"]
[SourceDate "2019.09.30"]
[SourceVersion "1"]
[SourceVersionDate "2019.09.30"]
[SourceQuality "1"]

1. d4 Nf6 2. Bg5 e6 3. e4 h6 4. Bxf6 Qxf6 5. Nf3 d6 6. Nc3 g6 7. e5 Qe7 8. Bd3 Bg7 9. 0-0 Nc6 10. Re1 dxe5 11. dxe5 Bd7 12. Qd2 0-0-0 13. Qe3 Kb8 14. a3 g5 15. h3 Be8 16. Bb5 Rg8 17. Bxc6 Bxc6 18. Nd4 Bd7 19. Rad1 h5 20. b4 g4 21. h4 f6 22. exf6 Qxf6 23. Ndb5 b6 24. Qg3 Bxb5 25. Nxb5 e5 26. Nc3 Qc6 27. Rxd8+ 1/2-1/2

[Event "GER MS-254 email"]
[Site "GER email"]
[Date "2017.01.14"]
[Round "?"]
[White "Richter, Marko"]
[Black "Huber, Martin"]
[Result "1/2-1/2"]
[WhiteElo "2037"]
[BlackElo "2118"]
[PlyCount "55"]
[EventDate "2017.01.20"]
[EventType "tourn (corr)"]
[EventRounds "6"]
[EventCountry "GER"]
[SourceTitle "Corr 2020"]
[Source "ChessBase"]
[SourceDate "2019.09.30"]
[SourceVersion "1"]
[SourceVersionDate "2019.09.30"]
[SourceQuality "1"]

1. e4 e6 2. d4 d5 3. Nc3 Nf6 4. e5 Nfd7 5. f4 c5 6. Nf3 Nc6 7. Be3 Be7 8. Qd2 0-0 9. g3 a6 10. dxc5 Bxc5 11. Bg2 b5 12. Ne2 Bb7 13. 0-0 Qb6 14. Bxc5 Nxc5 15. Qe3 b4 16. a3 a5 17. Ned4 Ne4 18. Rfe1 h6 19. Nxc6 Qxc6 20. Nd4 Qc5 21. Rac1 Rfb8 22. f5 Re8 23. fxe6 fxe6 24. axb4 axb4 25. Bh3 Bc8 26. Ra1 Rxa1 27. Rxa1 Qc7 28. Ra8 1/2-1/2

[Event "GER MS-254 email"]
[Site "GER email"]
[Date "2017.01.14"]
[Round "?"]
[White "Richter, Marko"]
[Black "Maetzig, Ralf"]
[Result "0-1"]
[WhiteElo "2037"]
[BlackElo "2078"]
[PlyCount "104"]
[EventDate "2017.01.20"]
[EventType "tourn (corr)"]
[EventRounds "6"]
[EventCountry "GER"]
[SourceTitle "Corr 2020"]
[Source "ChessBase"]
[SourceDate "2019.09.30"]
[SourceVersion "1"]
[SourceVersionDate "2019.09.30"]
[SourceQuality "1"]

1. e4 e5 2. Nf3 Nc6 3. d4 exd4 4. Nxd4 Bc5 5. Be3 Qf6 6. c3 Nge7 7. g3 h5 8. Bg2 h4 9. 0-0 Ne5 10. Nd2 d6 11. N2f3 hxg3 12. fxg3 Ng4 13. Bf4 Qg6 14. a4 a6 15. h3 Ne5 16. Nxe5 dxe5 17. Bxe5 Bxh3 18. Bxc7 Bg4 19. Qd2 Rc8 20. Bf4 Nc6 21. b4 Bb6 22. b5 axb5 23. axb5 Na5 24. Rf2 Qh5 25. Qd3 Qc5 26. Bf3 Bh3 27. Rc1 g5 28. Be3 Nc4 29. Bg2 Be6 30. Re2 Bg4 31. Rf2 Nxe3 32. Qxe3 Qe5 33. Rcc2 Be6 34. Bf1 Rxc3 35. Qxc3 Bxd4 36. Qd3 Kf8 37. Rcd2 Bc5 38. Rc2 Bb6 39. Rcd2 Kg7 40. Qa3 f6 41. Bg2 Rc8 42. Qd6 Rc1+ 43. Bf1 Bc4 44. Qd7+ Kg6 45. Qf5+ Qxf5 46. exf5+ Kh5 47. Kg2 Bxf2 48. Bxc4 Rxc4 49. Kxf2 Rb4 50. Rd6 Rxb5 51. Rxf6 Kg4 52. Rd6 Rb2+ 0-1

[Event "GER MS-253 email"]
[Site "GER email"]
[Date "2017.01.02"]
[Round "?"]
[White "Milde, Lars"]
[Black "Richter, Marko"]
[Result "1-0"]
[WhiteElo "2133"]
[BlackElo "2062"]
[PlyCount "81"]
[EventDate "2017.01.07"]
[EventType "tourn (corr)"]
[EventRounds "6"]
[EventCountry "GER"]
[SourceTitle "Corr 2020"]
[Source "ChessBase"]
[SourceDate "2019.09.30"]
[SourceVersion "1"]
[SourceVersionDate "2019.09.30"]
[SourceQuality "1"]

1. e4 c5 2. Nf3 Nc6 3. d4 cxd4 4. Nxd4 Nf6 5. Nc3 d6 6. Bg5 Bd7 7. Be2 Qa5 8. Bxf6 gxf6 9. 0-0 Nxd4 10. Qxd4 Rc8 11. a4 Qc5 12. Qd2 e6 13. Bb5 a6 14. Bxd7+ Kxd7 15. a5 Qb4 16. Rfd1 Rc6 17. Qd3 Qxb2 18. Na4 Qe5 19. Rab1 Rc7 20. Nb6+ Kd8 21. Na8 Rc3 22. Qd2 Kc8 23. Rb4 Kb8 24. Rdb1 Kxa8 25. Rxb7 Bg7 26. Rxf7 Rhc8 27. Rxg7 Rxc2 28. Qe3 Qc5 29. h4 Qxe3 30. fxe3 R8c7 31. Rxc7 Rxc7 32. Rb6 Rd7 33. Kh2 Ka7 34. Kg3 e5 35. Kf3 Rd8 36. Kg4 d5 37. exd5 Rxd5 38. Rxf6 Rxa5 39. Rf7+ Kb6 40. Rxh7 Ra2 41. Kf3 1-0

[Event "GER MS-238 email"]
[Site "GER email"]
[Date "2016.04.10"]
[Round "?"]
[White "Oleak, Wolfgang"]
[Black "Richter, Marko"]
[Result "1/2-1/2"]
[WhiteElo "1909"]
[BlackElo "2093"]
[PlyCount "49"]
[EventDate "2016.04.16"]
[EventType "tourn (corr)"]
[EventRounds "6"]
[EventCountry "GER"]
[SourceTitle "Corr 2020"]
[Source "ChessBase"]
[SourceDate "2019.09.30"]
[SourceVersion "1"]
[SourceVersionDate "2019.09.30"]
[SourceQuality "1"]

1. Nf3 Nf6 2. c4 g6 3. Nc3 Bg7 4. e4 c5 5. d4 Qa5 6. Bd2 cxd4 7. Nb5 Qd8 8. Qc2 0-0 9. Nbxd4 d6 10. Rd1 Nbd7 11. b4 a5 12. a3 b6 13. Bd3 Ba6 14. Nc6 Qe8 15. 0-0 e5 16. bxa5 Bb7 17. Nb4 Rxa5 18. Nd5 Ra7 19. Bb4 Nxd5 20. cxd5 Nc5 21. Rfe1 Qd7 22. Qe2 Bh6 23. Bc4 Qc7 24. Nd2 Na6 25. Bb5 1/2-1/2

[Event "GER MS-238 email"]
[Site "GER email"]
[Date "2016.04.10"]
[Round "?"]
[White "Richter, Marko"]
[Black "Jahn, Peter"]
[Result "1/2-1/2"]
[WhiteElo "2093"]
[BlackElo "1976"]
[PlyCount "100"]
[EventDate "2016.04.16"]
[EventType "tourn (corr)"]
[EventRounds "6"]
[EventCountry "GER"]
[SourceTitle "Corr 2020"]
[Source "ChessBase"]
[SourceDate "2019.09.30"]
[SourceVersion "1"]
[SourceVersionDate "2019.09.30"]
[SourceQuality "1"]

1. e4 e6 2. d4 d5 3. Nc3 dxe4 4. Nxe4 Nd7 5. Nf3 Ngf6 6. Nxf6+ Nxf6 7. Bd3 c5 8. dxc5 Bxc5 9. Qe2 0-0 10. Bg5 b6 11. 0-0-0 Qc7 12. Bxf6 gxf6 13. Qe4 f5 14. Qh4 Qe7 15. Qh3 Kh8 16. g4 Qf6 17. Kb1 Rg8 18. Rhe1 Bxf2 19. Rf1 Bc5 20. gxf5 exf5 21. Nd2 Qg7 22. Bxf5 Bxf5 23. Qxf5 Qg6 24. Qe5+ Qg7 25. Qf4 Rad8 26. Nf3 Be7 27. Rxd8 Rxd8 28. Ne5 f5 29. a3 Rf8 30. Qd4 Bc5 31. Qd5 f4 32. Re1 Be7 33. Qc6 Qf6 34. Qb7 Qg7 35. Qxa7 Bc5 36. Qxg7+ Kxg7 37. Nd7 Rc8 38. Nxc5 Rxc5 39. b4 Rc8 40. Rf1 Rf8 41. Kc1 Kg6 42. Kd2 Kf5 43. a4 Rd8+ 44. Ke2 Re8+ 45. Kf2 Rc8 46. Rc1 Rc3 47. a5 bxa5 48. bxa5 Ra3 49. c4 Rxa5 50. c5 Ra7 1/2-1/2

[Event "GER MS-232 email"]
[Site "GER email"]
[Date "2015.12.28"]
[Round "?"]
[White "Richter, Marko"]
[Black "Packroff, Hermann"]
[Result "1/2-1/2"]
[WhiteElo "2093"]
[BlackElo "2037"]
[PlyCount "90"]
[EventDate "2016.01.04"]
[EventType "tourn (corr)"]
[EventRounds "6"]
[EventCountry "GER"]
[SourceTitle "Corr 2020"]
[Source "ChessBase"]
[SourceDate "2019.09.30"]
[SourceVersion "1"]
[SourceVersionDate "2019.09.30"]
[SourceQuality "1"]

1. e4 c6 2. d4 d5 3. Nc3 dxe4 4. Nxe4 Bf5 5. Ng3 Bg6 6. Nf3 Nd7 7. h4 h6 8. h5 Bh7 9. Bd3 Bxd3 10. Qxd3 e6 11. Bd2 Qc7 12. 0-0-0 Ngf6 13. Ne4 0-0-0 14. g3 Nxe4 15. Qxe4 Bd6 16. c4 c5 17. Bc3 cxd4 18. Nxd4 Nf6 19. Qe2 a6 20. Kb1 Rd7 21. Rc1 Kb8 22. a3 Rhd8 23. b4 Qc8 24. Nb3 Bc7 25. b5 Rd3 26. Nc5 Rxc3 27. Rxc3 Ba5 28. Qe5+ Ka7 29. Rd3 Rxd3 30. Nxd3 Qxc4 31. Qc5+ Qxc5 32. Nxc5 Bb6 33. Nd3 axb5 34. Rh4 Ne8 35. Rf4 Nd6 36. Ne5 f6 37. Nd7 e5 38. Rg4 Bxf2 39. Rxg7 e4 40. Nxf6 e3 41. Re7 Nf5 42. Re8 Nxg3 43. Ne4 Nxh5 44. Nxf2 exf2 45. Rf8 Ng3 1/2-1/2

[Event "GER MS-225 email"]
[Site "GER email"]
[Date "2015.08.16"]
[Round "?"]
[White "Hinz, Juergen"]
[Black "Richter, Marko"]
[Result "1/2-1/2"]
[WhiteElo "2059"]
[BlackElo "2077"]
[PlyCount "67"]
[EventDate "2015.08.21"]
[EventType "tourn (corr)"]
[EventRounds "6"]
[EventCountry "GER"]
[SourceTitle "Corr 2020"]
[Source "ChessBase"]
[SourceDate "2019.09.30"]
[SourceVersion "1"]
[SourceVersionDate "2019.09.30"]
[SourceQuality "1"]

1. e4 e5 2. Nf3 Nc6 3. Bc4 Bc5 4. d3 Nf6 5. c3 d6 6. 0-0 a6 7. Bb3 Ba7 8. Re1 0-0 9. h3 h6 10. Nbd2 Nh5 11. Nf1 Qf6 12. Be3 Nf4 13. Ng3 g6 14. d4 h5 15. Nf1 Na5 16. Bc2 Nc4 17. Bc1 Nb6 18. a4 a5 19. Bb3 Re8 20. Be3 Nd7 21. h4 Nf8 22. g3 N4e6 23. Rc1 c6 24. Kg2 Nh7 25. Qd3 Bb8 26. N1d2 Bc7 27. Nc4 Rb8 28. dxe5 dxe5 29. Nb6 Qe7 30. Qc4 Rd8 31. Rcd1 Rxd1 32. Rxd1 Nf6 33. Nxc8 Rxc8 34. Ng5 1/2-1/2

[Event "GER MS-225 email"]
[Site "GER email"]
[Date "2015.08.16"]
[Round "?"]
[White "Richter, Marko"]
[Black "Roeckendorf, Paul Uwe"]
[Result "1/2-1/2"]
[WhiteElo "2077"]
[BlackElo "2063"]
[PlyCount "58"]
[EventDate "2015.08.21"]
[EventType "tourn (corr)"]
[EventRounds "6"]
[EventCountry "GER"]
[SourceTitle "Corr 2020"]
[Source "ChessBase"]
[SourceDate "2019.09.30"]
[SourceVersion "1"]
[SourceVersionDate "2019.09.30"]
[SourceQuality "1"]

1. e4 e5 2. Nf3 Nc6 3. d4 exd4 4. Nxd4 Bc5 5. Be3 Qf6 6. c3 Nge7 7. Bc4 Ne5 8. Be2 Qg6 9. 0-0 d6 10. f3 0-0 11. Nd2 d5 12. Kh1 dxe4 13. fxe4 Bg4 14. Bf4 Bxe2 15. Qxe2 Bd6 16. Nb5 N7c6 17. Nxd6 Qxd6 18. Nc4 Qc5 19. Ne3 Ne7 20. Rad1 Rad8 21. h3 b6 22. Nf5 Nxf5 23. exf5 f6 24. Rfe1 Rxd1 25. Rxd1 Re8 26. a4 h6 27. Kh2 Qc4 28. Qxc4+ Nxc4 29. b3 Ne3 1/2-1/2

[Event "GER MS-225 email"]
[Site "GER email"]
[Date "2015.08.16"]
[Round "?"]
[White "Richter, Marko"]
[Black "Tassone, Raffaele"]
[Result "1-0"]
[WhiteElo "2077"]
[BlackElo "1929"]
[PlyCount "115"]
[EventDate "2015.08.21"]
[EventType "tourn (corr)"]
[EventRounds "6"]
[EventCountry "GER"]
[SourceTitle "Corr 2020"]
[Source "ChessBase"]
[SourceDate "2019.09.30"]
[SourceVersion "1"]
[SourceVersionDate "2019.09.30"]
[SourceQuality "1"]

1. e4 c5 2. Nf3 g6 3. Bc4 Bg7 4. 0-0 Nc6 5. c3 e6 6. d4 cxd4 7. Nxd4 Nf6 8. Re1 0-0 9. e5 Ne8 10. Bf4 d5 11. Bb3 Qb6 12. Nf3 f6 13. exf6 Nxf6 14. Nbd2 a5 15. Be3 Qc7 16. Nd4 a4 17. Bxa4 e5 18. Nxc6 bxc6 19. Bb3 Rb8 20. Bc5 Rf7 21. h3 Nd7 22. Ba3 Qb6 23. Kh1 Nc5 24. Bxc5 Qxc5 25. c4 Qa5 26. cxd5 cxd5 27. Rc1 Bb7 28. Ne4 Bf8 29. Re3 Rf4 30. g3 Rf7 31. Rf3 Be7 32. Rxf7 Kxf7 33. Qg4 Rd8 34. Ng5+ Bxg5 35. Qxg5 Re8 36. h4 Re7 37. Kg1 Qa6 38. Qh6 Ke8 39. Rc5 d4 40. Qc1 Kd8 41. Bd5 Bxd5 42. Rxd5+ Ke8 43. Qe1 Qe6 44. Qe4 Kf7 45. a4 Qf5 46. Qxf5+ gxf5 47. f4 exf4 48. gxf4 Re2 49. b4 Ra2 50. a5 Kg6 51. Rxd4 Kh5 52. Rd6 Ra4 53. Rb6 Kg4 54. Kf2 Kxf4 55. a6 Ra2+ 56. Ke1 Ke3 57. Re6+ Kd4 58. b5 1-0

[Event "GER MS-225 email"]
[Site "GER email"]
[Date "2015.08.16"]
[Round "?"]
[White "Rohde, Friedhelm"]
[Black "Richter, Marko"]
[Result "0-1"]
[WhiteElo "2117"]
[BlackElo "2077"]
[PlyCount "84"]
[EventDate "2015.08.21"]
[EventType "tourn (corr)"]
[EventRounds "6"]
[EventCountry "GER"]
[SourceTitle "Corr 2020"]
[Source "ChessBase"]
[SourceDate "2019.09.30"]
[SourceVersion "1"]
[SourceVersionDate "2019.09.30"]
[SourceQuality "1"]

1. d4 d5 2. c4 e6 3. Nf3 Nf6 4. Bg5 h6 5. Bxf6 Qxf6 6. Nc3 c6 7. e3 Nd7 8. Bd3 dxc4 9. Bxc4 g6 10. 0-0 Bg7 11. a4 a5 12. Qe2 0-0 13. Rfd1 Qe7 14. e4 e5 15. d5 Qb4 16. Ne1 Bf6 17. Nc2 Qc5 18. Ba2 Bg5 19. Ne1 Kg7 20. Nd3 Qe7 21. g3 h5 22. f4 Bf6 23. Rac1 exf4 24. gxf4 Bxc3 25. Rxc3 cxd5 26. Bxd5 Nf6 27. Re1 Bd7 28. Qf2 Bxa4 29. Qd4 Bb5 30. Ne5 Rad8 31. Rc5 Bc6 32. Rxa5 Rd6 33. Qc3 Bxd5 34. exd5 Qd8 35. Rd1 Qc8 36. Rd4 Qf5 37. Qd3 Qxd3 38. Rxd3 Rc8 39. h3 Rc2 40. Rb5 b6 41. b4 Ne8 42. Rc5 bxc5 0-1

[Event "GER-ch47 sf09 email"]
[Site "GER email"]
[Date "2015.04.11"]
[Round "?"]
[White "Richter, Marko"]
[Black "Langer, Raimund"]
[Result "1/2-1/2"]
[WhiteElo "2081"]
[BlackElo "2082"]
[PlyCount "54"]
[EventDate "2015.04.20"]
[EventType "tourn (corr)"]
[EventRounds "8"]
[EventCountry "GER"]
[SourceTitle "Corr 2020"]
[Source "ChessBase"]
[SourceDate "2019.09.30"]
[SourceVersion "1"]
[SourceVersionDate "2019.09.30"]
[SourceQuality "1"]

1. e4 e5 2. Nf3 Nc6 3. d4 exd4 4. Nxd4 Nf6 5. Nxc6 bxc6 6. e5 Qe7 7. Qe2 Nd5 8. c4 Nb6 9. Nd2 Qe6 10. b3 a5 11. Bb2 a4 12. Qe3 Bb4 13. Bd3 d6 14. a3 Bxd2+ 15. Qxd2 axb3 16. 0-0 d5 17. cxd5 Qxd5 18. Qe2 0-0 19. Rfd1 Qe6 20. Rac1 g6 21. h3 Ra5 22. Re1 Rd8 23. Qf3 c5 24. Be2 h5 25. Red1 Rf8 26. Qc3 Ra8 27. Qg3 Ra5 1/2-1/2

[Event "GER MS-208 email"]
[Site "GER email"]
[Date "2014.12.10"]
[Round "?"]
[White "Hebel, Erich"]
[Black "Richter, Marko"]
[Result "1/2-1/2"]
[WhiteElo "1979"]
[BlackElo "2079"]
[PlyCount "45"]
[EventDate "2014.12.22"]
[EventType "tourn (corr)"]
[EventRounds "6"]
[EventCountry "GER"]
[SourceTitle "Corr 2020"]
[Source "ChessBase"]
[SourceDate "2019.09.30"]
[SourceVersion "1"]
[SourceVersionDate "2019.09.30"]
[SourceQuality "1"]

1. e4 c6 2. Nf3 d5 3. Nc3 Bg4 4. h3 Bxf3 5. Qxf3 Nf6 6. d4 dxe4 7. Qe3 Nbd7 8. Nxe4 Nxe4 9. Qxe4 Nf6 10. Qd3 Qd5 11. c4 Qd7 12. Be2 e6 13. Bd2 Bd6 14. g3 Rd8 15. Bc3 0-0 16. 0-0 Rfe8 17. Rfe1 e5 18. dxe5 Bxe5 19. Bxe5 Rxe5 20. Qxd7 Rxd7 21. Bf3 Rxe1+ 22. Rxe1 Kf8 23. Re3 1/2-1/2

[Event "GER MS-208 email"]
[Site "GER email"]
[Date "2014.12.10"]
[Round "?"]
[White "Richter, Marko"]
[Black "Bekemann, Uwe"]
[Result "0-1"]
[WhiteElo "2079"]
[BlackElo "2038"]
[PlyCount "76"]
[EventDate "2014.12.22"]
[EventType "tourn (corr)"]
[EventRounds "6"]
[EventCountry "GER"]
[SourceTitle "Corr 2020"]
[Source "ChessBase"]
[SourceDate "2019.09.30"]
[SourceVersion "1"]
[SourceVersionDate "2019.09.30"]
[SourceQuality "1"]

1. e4 c5 2. Nf3 Nc6 3. Bb5 e6 4. 0-0 Nge7 5. c3 a6 6. Ba4 b5 7. Bc2 Bb7 8. d4 cxd4 9. Nxd4 Ng6 10. Be3 Qc7 11. Nd2 Bd6 12. g3 h5 13. Nxc6 Bxc6 14. f4 h4 15. Qe2 hxg3 16. hxg3 0-0-0 17. Qf2 Qb8 18. Rad1 Bc7 19. Nf3 Rh6 20. Kg2 Qb7 21. Nd2 f5 22. Rh1 fxe4 23. Rxh6 gxh6 24. Nb3 Rg8 25. Nc5 Qa8 26. Kh3 h5 27. Rg1 Bd5 28. c4 bxc4 29. b3 cxb3 30. Bxb3 Ne7 31. Qe2 Nf5 32. Bf2 Bc6 33. Bc2 e3 34. Bxe3 Bb5 35. Bd3 Qc6 36. Bf2 h4 37. g4 Ne7 38. Rc1 Nd5 0-1

[Event "GER T208-C45-S email"]
[Site "GER email"]
[Date "2014.10.12"]
[Round "?"]
[White "Richter, Marko"]
[Black "Fritsche, Frank"]
[Result "1/2-1/2"]
[WhiteElo "2081"]
[BlackElo "2170"]
[PlyCount "93"]
[EventDate "2014.10.20"]
[EventType "tourn (corr)"]
[EventRounds "8"]
[EventCountry "GER"]
[SourceTitle "Corr 2020"]
[Source "ChessBase"]
[SourceDate "2019.09.30"]
[SourceVersion "1"]
[SourceVersionDate "2019.09.30"]
[SourceQuality "1"]

1. e4 e5 2. Nf3 Nc6 3. d4 exd4 4. Nxd4 Qh4 5. Nc3 Bb4 6. Be2 Qxe4 7. Ndb5 Bxc3+ 8. bxc3 Kd8 9. 0-0 Nf6 10. Re1 h6 11. Be3 d6 12. c4 Bg4 13. c5 Bxe2 14. Rxe2 Qc4 15. Rb1 d5 16. Na3 Qa4 17. c4 Qxd1+ 18. Rxd1 Re8 19. cxd5 Nb4 20. d6 Nbd5 21. Rb2 Nxe3 22. fxe3 cxd6 23. Rxb7 Re7 24. Rxd6+ Ke8 25. Rxe7+ Kxe7 26. Ra6 Nd7 27. Nb5 Nxc5 28. Rxa7+ Rxa7 29. Nxa7 Ke6 30. Kf2 Na4 31. Kf3 f5 32. Nb5 Ke5 33. g3 g6 34. h3 g5 35. g4 Kf6 36. Nd6 fxg4+ 37. hxg4 Kg6 38. Ne4 h5 39. gxh5+ Kxh5 40. Kg3 g4 41. a3 Nb6 42. Nf6+ Kg5 43. Nxg4 Nc4 44. a4 Kf5 45. Kf3 Nd2+ 46. Ke2 Ne4 47. Kf3 1/2-1/2

[Event "GER T208-C45-S email"]
[Site "GER email"]
[Date "2014.10.12"]
[Round "?"]
[White "Richter, Marko"]
[Black "Schneider, Hans"]
[Result "1/2-1/2"]
[WhiteElo "2081"]
[BlackElo "2003"]
[PlyCount "59"]
[EventDate "2014.10.20"]
[EventType "tourn (corr)"]
[EventRounds "8"]
[EventCountry "GER"]
[SourceTitle "Corr 2020"]
[Source "ChessBase"]
[SourceDate "2019.09.30"]
[SourceVersion "1"]
[SourceVersionDate "2019.09.30"]
[SourceQuality "1"]

1. e4 e5 2. Nf3 Nc6 3. d4 exd4 4. Nxd4 Qh4 5. Nc3 Bb4 6. Be2 Qxe4 7. Ndb5 Bxc3+ 8. bxc3 Kd8 9. 0-0 Nf6 10. Re1 Re8 11. Be3 d6 12. Rb1 Bd7 13. Bd3 Qg4 14. f3 Qh5 15. Qd2 Kc8 16. c4 b6 17. Nc3 h6 18. Be2 Kb7 19. Rb5 g5 20. c5 Rxe3 21. Qxe3 Qh4 22. g3 Qd4 23. Qxd4 Nxd4 24. cxd6 Nxb5 25. Nxb5 Ne8 26. dxc7 a6 27. Nd4 Kxc7 28. Kf2 Nd6 29. Bd3 b5 30. Re7 1/2-1/2

[Event "GER T208-C45-S email"]
[Site "GER email"]
[Date "2014.10.12"]
[Round "?"]
[White "Schneider, Hans"]
[Black "Richter, Marko"]
[Result "1/2-1/2"]
[WhiteElo "2003"]
[BlackElo "2081"]
[PlyCount "72"]
[EventDate "2014.10.20"]
[EventType "tourn (corr)"]
[EventRounds "8"]
[EventCountry "GER"]
[SourceTitle "Corr 2020"]
[Source "ChessBase"]
[SourceDate "2019.09.30"]
[SourceVersion "1"]
[SourceVersionDate "2019.09.30"]
[SourceQuality "1"]

1. e4 e5 2. Nf3 Nc6 3. d4 exd4 4. Nxd4 Qh4 5. Nc3 Bb4 6. Be2 Qxe4 7. Ndb5 Bxc3+ 8. bxc3 Kd8 9. 0-0 Nf6 10. Re1 Qd5 11. Nd4 Re8 12. Be3 Ne5 13. Bg5 d6 14. f4 Ng6 15. Qd3 Qc5 16. Bf3 h6 17. Bxf6+ gxf6 18. g3 h5 19. Kh1 Bd7 20. Bxb7 Rb8 21. Bf3 h4 22. Rxe8+ Kxe8 23. gxh4 Kf8 24. h5 Nh4 25. h6 Bf5 26. Nxf5 Qxf5 27. Bd5 Qxd3 28. cxd3 Kg8 29. Rg1+ Kh7 30. h3 Ng6 31. Bxf7 Nxf4 32. Rf1 Rf8 33. Rxf4 Rxf7 34. Kh2 Kxh6 35. Kg3 Kg6 36. Ra4 c5 1/2-1/2

[Event "GER MS-183 email"]
[Site "GER email"]
[Date "2013.08.26"]
[Round "?"]
[White "Richter, Marko"]
[Black "Kohlstetter, Peer"]
[Result "1-0"]
[WhiteElo "2083"]
[BlackElo "1901"]
[PlyCount "21"]
[EventDate "2013.09.02"]
[EventType "tourn (corr)"]
[EventRounds "6"]
[EventCountry "GER"]
[SourceTitle "Corr 2015"]
[Source "ChessBase"]
[SourceDate "2015.07.17"]
[SourceVersion "1"]
[SourceVersionDate "2015.07.17"]
[SourceQuality "1"]

1. Nf3 Nf6 2. g3 d5 3. Bg2 c6 4. 0-0 Bg4 5. d3 Nbd7 6. h3 Bh5 7. c4 dxc4 8. dxc4 e5 9. Nc3 Qc7 10. Nh4 Bg6 11. a3 1-0

[Event "GER MS-183 email"]
[Site "GER email"]
[Date "2013.08.26"]
[Round "?"]
[White "Rockel, Jens Uwe"]
[Black "Richter, Marko"]
[Result "1/2-1/2"]
[WhiteElo "1970"]
[BlackElo "2083"]
[PlyCount "78"]
[EventDate "2013.09.02"]
[EventType "tourn (corr)"]
[EventRounds "6"]
[EventCountry "GER"]
[SourceTitle "Corr 2015"]
[Source "ChessBase"]
[SourceDate "2015.07.17"]
[SourceVersion "1"]
[SourceVersionDate "2015.07.17"]
[SourceQuality "1"]

1. e4 c6 2. d4 d5 3. e5 c5 4. dxc5 Nc6 5. Bb5 e6 6. Be3 Nge7 7. c3 Bd7 8. Bxc6 Bxc6 9. Nf3 Nf5 10. Bd4 Nxd4 11. Qxd4 Qc7 12. b4 Be7 13. Nbd2 b6 14. cxb6 axb6 15. 0-0 0-0 16. Rfc1 Ra3 17. c4 Qa7 18. Qb2 Ra8 19. Nd4 Bb7 20. Rc2 Ra4 21. Nb5 Qb8 22. c5 bxc5 23. bxc5 Bc6 24. Nd6 f6 25. Qb6 R4a6 26. Qxb8+ Rxb8 27. Nf3 Ba4 28. Rc3 fxe5 29. Nxe5 Bxd6 30. cxd6 Rxd6 31. Rac1 Be8 32. f4 Rdb6 33. Rc8 Rxc8 34. Rxc8 Rb1+ 35. Kf2 Kf8 36. Ra8 Ke7 37. Kf3 Rc1 38. a4 Rc3+ 39. Kf2 Rc2+ 1/2-1/2